Laghusiddhāntakaumudī. (Record no. 61149)

MARC details
000 -LEADER
fixed length control field 00943cam a22002771 4500
001 - CONTROL NUMBER
control field sa 64008962
003 - CONTROL NUMBER IDENTIFIER
control field DLC
005 - DATE AND TIME OF LATEST TRANSACTION
control field 20260227112058.0
008 - FIXED-LENGTH DATA ELEMENTS--GENERAL INFORMATION
fixed length control field 900226s1961 ii 000 0 sano
010 ## - LIBRARY OF CONGRESS CONTROL NUMBER
LC control number sa 64008962
035 ## - SYSTEM CONTROL NUMBER
System control number (OCoLC)21123766
040 ## - CATALOGING SOURCE
Original cataloging agency DLC
Transcribing agency WaU
Modifying agency DLC
042 ## - AUTHENTICATION CODE
Authentication code premarc
050 00 - LIBRARY OF CONGRESS CALL NUMBER
Classification number PK519
Item number .V3
100 0# - MAIN ENTRY--PERSONAL NAME
Personal name Varadarāja,
Dates associated with a name active 17th century.
245 10 - TITLE STATEMENT
Title Laghusiddhāntakaumudī.
260 ## - PUBLICATION, DISTRIBUTION, ETC.
Date of publication, distribution, etc. 1961.
300 ## - PHYSICAL DESCRIPTION
Extent 2, 4, 1084 p.
Dimensions 19 cm.
500 ## - GENERAL NOTE
General note In Sanskrit.
500 ## - GENERAL NOTE
General note The Laghusiddhāntakaumudī by Varadarāja is based on the Siddhāntakaumudī by Bhaṭṭojī Dīkṣita, which is in turn a commentary on Pāṇini's Aṣṭādhyāyi.
650 #0 - SUBJECT ADDED ENTRY--TOPICAL TERM
Topical term or geographic name entry element Sanskrit language
General subdivision Grammar.
700 1# - ADDED ENTRY--PERSONAL NAME
Personal name Ghildiyal, Shridharanand Sharma,
Dates associated with a name 1927-
700 1# - ADDED ENTRY--PERSONAL NAME
Personal name Śāstrī, Parameśvarānanda.
700 0# - ADDED ENTRY--PERSONAL NAME
Personal name Bhaṭṭojī Dīkṣita.
Title of a work Siddhāntakaumudī.
700 0# - ADDED ENTRY--PERSONAL NAME
Personal name Pāṇini.
Title of a work Aṣṭādhyāyi.

No items available.

Powered by Koha